000
00281nam a22001217a 4500
020
_a
81-88759-33-3
082
_a
823
_b
SPI/E
245
_a
THE EMPEROR'S NEW CLOTHES
260
_a
THRISSUR
_b
H&C
520
_a
ENGLISH SHORT STORY
650
_a
ENGLISH SHORT STORY
_z
KERALA
942
_c
BK
999
_c
5567
_d
5567